| 000 | 00460nam a22001457a 4500 | ||
|---|---|---|---|
| 999 |
_c63701 _d63701 |
||
| 005 | 20181126155149.0 | ||
| 020 |
_a813130065X _c595.00 |
||
| 035 | _aB-216441, B-216434, B-216440, B-216451, B-216453 | ||
| 037 |
_aDPL _bENG |
||
| 100 | _aBansal, S. K. | ||
| 245 |
_aJournalism and electronic media / _cby S. K. Bansal |
||
| 260 |
_aNew Delhi _bA.P.H. Publishing Corporation _c2007 |
||
| 300 |
_av, 256p. _c20 cms. |
||
| 942 |
_2ddc _cEN _h070.4 _mBAN |
||